| 000 | 00722nmm a22001817a 4500 | ||
|---|---|---|---|
| 003 | OSt | ||
| 005 | 20240516114053.0 | ||
| 006 | eBook | ||
| 008 | 240516b |||||||| |||| 00| 0 eng d | ||
| 040 | _cMRSPTU | ||
| 100 | _aJonquil Lowe | ||
| 245 | _aBe Your Own Financial Adviser : The comprehensive guide to wealth and financial planning : The comprehensive guide to wealth and financial planning | ||
| 250 | _a1st | ||
| 260 |
_aNew Delhi _bPearson _c2010 |
||
| 600 | _2Management | ||
| 856 |
_3Click here to access the e-book _uhttps://ebookcentral.proquest.com/lib/gzsptuc/detail.action?docID=5136511&query=Be+Your+Own+Financial+Adviser+%3A+The+comprehensive+guide+to+wealth+and+financial+planning |
||
| 942 |
_2ddc _cEB _n1 |
||
| 999 |
_c10296 _d10296 |
||